Nedostatky pri uplatňovaní systému manažérstva kvality v praxi

Bibliographic Details
Main Author: Szalayová, Sylvia, 1971- (Author)
Format: Article
Language:Slovak
ISSN:1335-1249
Subjects:

MARC

LEADER 00000nab a2200000 a 4500
001 vtls008417389
003 SK-MaSNL
005 20260305025948.0
008 250505c2005 xo zr|p|||||||000 b|slo
015 |a SNBRB2005/12  |2 snkbucl 
035 |a (uuid)983b5546-a12f-4fb5-a647-96933b145272 
035 |a urn:nbn:sk:snk-abaemu 
035 |a (urnnbn)urn:nbn:sk:snk:ar-008dse 
038 |a SNKBUCL 
040 |a SNKBUCL  |b slo  |c SNKBUCL  |e AACR2 
041 0 |a slo 
044 |a xo  |c SK 
080 |a 69:658.56  |2 1981 
080 |a 658.56  |2 1981 
080 |a 005.6  |2 1981 
100 1 |a Szalayová, Sylvia,  |d 1971-  |4 aut  |9 24825 
245 1 0 |a Nedostatky pri uplatňovaní systému manažérstva kvality v praxi  |c Sylvia Szalayová 
504 |a Bibliogr. odkazy 
650 0 7 |a stavebníctvo  |2 snkbucl  |9 726 
650 0 7 |a kvalita  |2 snkbucl  |9 1150 
650 0 7 |a manažment kvality  |2 snkbucl  |9 932 
773 0 |t Eurostav  |g Roč. 11, č. 5 (2005), s.136-137  |x 1335-1249 
850 |a Slovenská národná knižnica 
852 |a Slovenská národná knižnica 
954 |a odborná, vedecká literatúra pôvodná (slovenská)  |2 lita 
958 |a article14 
958 |a OND 
958 |a NB 
958 |a EUIPO 
999 |c 3308421  |d 3310351